| 000 | 00545nam a22001577a 4500 | ||
|---|---|---|---|
| 008 | 230221b |||||||| |||| 00| 0 eng d | ||
| 040 |
_aNational Science Library _cNational Science Library |
||
| 080 |
_a624(082.2) _bP2 |
||
| 245 |
_aProceedings of the international conference on advances in civil engineering _c/ IIT, 3-5 January, Kharagpur |
||
| 260 |
_aNew Delhi: _bAllied Publishers Limited, _c2002 |
||
| 300 | _a689p. | ||
| 650 | _aScience | ||
| 700 | _aBandyopadhyay, J N (Ed.) | ||
| 700 | _aKumar, Nagesh (Ed.) | ||
| 942 |
_2udc _cPR |
||
| 999 |
_c46962 _d46962 |
||